West Germany's Eastern Policy and New Dimensions of Its Foreign Policy Development from 1969 to 1974

Willy Brandt (Sociálni a liberálni demokrati) a nový prístup k Ostpolitik (východnej politike). Varšavská zmluva

Guardado en:
Detalles Bibliográficos
Autor principal: Čech, Ľubomír, 1955-
Formato: Capítulo de libro
Lenguaje:inglés
Materias:
Etiquetas: Agregar Etiqueta
Sin Etiquetas, Sea el primero en etiquetar este registro!

MARC

LEADER 00000naa a2200000 4500
001 0211045
005 20240502083526.9
041 0 |a eng 
044 |a RU 
245 1 0 |a West Germany's Eastern Policy and New Dimensions of Its Foreign Policy Development from 1969 to 1974  |c Ľubomír Čech 
520 |a Willy Brandt (Sociálni a liberálni demokrati) a nový prístup k Ostpolitik (východnej politike). Varšavská zmluva 
610 2 0 |a vzťahy medzinárodné 
610 2 0 |a politika zahraničná 
610 2 0 |a východné Nemecko 
610 2 0 |a západné Nemecko 
610 2 0 |a Československo 
610 2 0 |a ZSSR 
610 2 0 |a NATO 
100 1 |a Čech, Ľubomír, 1955-